Horizons exploring the universe (Record no. 584883)

000 -LEADER
fixed length control field 00470nam a22001937a 4500
003 - CONTROL NUMBER IDENTIFIER
control field CEME
005 - DATE AND TIME OF LATEST TRANSACTION
control field 20210628210541.0
008 - FIXED-LENGTH DATA ELEMENTS--GENERAL INFORMATION
fixed length control field 210209b xxu||||| |||| 00| 0 eng d
020 ## - INTERNATIONAL STANDARD BOOK NUMBER
International Standard Book Number 0-534-52434-6
040 ## - CATALOGING SOURCE
Transcribing agency .
082 ## - DEWEY DECIMAL CLASSIFICATION NUMBER
Classification number 520 SEE
100 ## - MAIN ENTRY--PERSONAL NAME
Personal name Seeds, Michael.A
9 (RLIN) 79899
245 ## - TITLE STATEMENT
Title Horizons exploring the universe
250 ## - EDITION STATEMENT
Edition statement 5TH
260 ## - PUBLICATION, DISTRIBUTION, ETC.
Place of publication, distribution, etc. BELMONT,CA
Name of publisher, distributor, etc. WADSWOTH PUBLISHING
Date of publication, distribution, etc. 1997
300 ## - PHYSICAL DESCRIPTION
Extent XV,459P
650 ## - SUBJECT ADDED ENTRY--TOPICAL TERM
Topical term or geographic name entry element ASTRONOM
9 (RLIN) 79900
942 ## - ADDED ENTRY ELEMENTS (KOHA)
Koha item type Book
Source of classification or shelving scheme
Holdings
Withdrawn status Lost status Damaged status Not for loan Permanent Location Current Location Shelving location Date acquired Total Checkouts Full call number Barcode Date last seen Price effective from Koha item type
        College of Electrical & Mechanical Engineering (CEME) College of Electrical & Mechanical Engineering (CEME) General Stacks 07/05/2017   520 SEE CEME-34376 06/28/2021 06/28/2021 Book
© 2023 Central Library, National University of Sciences and Technology. All Rights Reserved.